Govt. of
Madhya Pradesh

Normal view MARC view

Entry Personal Name

Number of records used in: 1

001 - CONTROL NUMBER

  • control field: 14361

003 - CONTROL NUMBER IDENTIFIER

  • control field: OSt

005 - DATE AND TIME OF LATEST TRANSACTION

  • control field: 20151011150915.0

008 - FIXED-LENGTH DATA ELEMENTS

  • fixed length control field: 151011|| aca||aabn | a|a d

040 ## - CATALOGING SOURCE

  • Original cataloging agency: OSt
  • Transcribing agency: OSt

100 ## - HEADING--PERSONAL NAME

  • Personal name: Joseph, George Gheverghese

670 ## - SOURCE DATA FOUND

  • Source citation: Work cat.: (OSt)16130: Joseph, George Gheverghese, George Joseph The Life And Thie Odf The Kerala Christrian Nationalist, 2003